00913nam a22002298a 450000500170000000800410001702000230005802000180008103500170009903700160011604000180013208200060015010000250015624501040018126000530028527000360033830000290037450000530040352001790045665000260063570000220066120091223093957.0090410s2009 nyu c 000 1 eng  a818477401Xc275.00 a9788184774016 aB-389632-648 bScholastic  adplbEnglish  aS aPrévost, Guillaume aThe circle of gold :bthe book of time III /cby Guillaume Prevost ; translated by William Rodarmor aNew York bArthur A. Levine Booksc2009(repr.).  a557 Boardway bNew York e10012 axiii, 288p. c24cm(pbk)  aArthur A. Levine Books an imprint of Scholastic  aFourteen-year-old Sam Faulkner journeys through time to ancient China, Renaissance Rome, and into the future to rescue his friend Alicia and prevent the death of this mother. aTime travelvFiction. aRodarmor, William